000 00416nam a2200145Ia 4500
008 230917s9999||||xx |||||||||||||| ||und||
040 _e210572
_aMAIN
041 _aEnglish
082 _a891.433721 AH22A
100 _aअर्चना
245 0 _aआदेश का कहानी साहित्यः संवेदना और शिल्प
260 _c2012
300 _a241 p.
942 _cTH
999 _c125937
_d125937